Champions League Winners Quiz - Statistics

General Stats
  • This quiz has been taken 17 times
  • The average score is 67 of 70
Answer Stats
Hint Finalist 1 Finalist 2 % Correct
2007 AC Milan Liverpool
100%
2003 AC Milan Juventus
100%
1994 AC Milan Barcelona
100%
1990 AC Milan Benfica
100%
1989 AC Milan Steaua Bucuresti
100%
1969 AC Milan Ajax
100%
1963 Ac Milan Benfica
100%
1995 Ajax AC Milan
100%
1973 Ajax Juventus
100%
1972 Ajax Inter Milan
100%
1971 Ajax Panathinaikos
100%
2015 Barcelona Juventus
100%
2011 Barcelona Manchester United
100%
2009 Barcelona Manchester United
100%
2006 Barcelona Arsenal
100%
1992 Barcelona Sampdoria
100%
2020 Bayern Munich Paris Saint-Germain
100%
2013 Bayern Munich Borussia Dortmund
100%
2001 Bayern Munich Valencia
100%
1976 Bayern Munich Saint-Etienne
100%
1975 Bayern Munich Leeds United
100%
1974 Bayern Munich Atletico Madrid
100%
1962 Benfica Real Madrid
100%
1961 Benfica Barcelona
100%
1967 Celtic Inter Milan
100%
2019 Liverpool Tottenham Hotspur
100%
2005 Liverpool AC Milan
100%
1984 Liverpool Roma
100%
1981 Liverpool Real Madrid
100%
1978 Liverpool Club Brugge
100%
1977 Liverpool Borussia Monchengladbach
100%
2025 Paris Saint-Germain Inter Milan
100%
2004 Porto Monaco
100%
1987 Porto Bayern Munich
100%
2024 Real Madrid Borussia Dortmund
100%
2022 Real Madrid Liverpool
100%
2018 Real Madrid Liverpool
100%
2017 Real Madrid Juventus
100%
2016 Real Madrid Atletico Madrid
100%
2014 Real Madrid Atletico Madrid
100%
2002 Real Madrid Bayer Leverkusen
100%
2000 Real Madrid Valencia
100%
1998 Real Madrid Juventus
100%
1966 Real Madrid Partizan
100%
1960 Real Madrid Eintracht Frankfurt
100%
1959 Real Madrid Reims
100%
1958 Real Madrid AC Milan
100%
1957 Real Madrid Fiorentina
100%
1956 Real Madrid Reims
100%
2021 Chelsea Manchester City
93%
2012 Chelsea Bayern Munich
93%
1983 Hamburger SV Juventus
93%
2010 Inter Milan Bayern Munich
93%
1965 Inter Milan Benfica
93%
1964 Inter Milan Real Madrid
93%
2023 Manchester City Inter Milan
93%
2008 Manchester United Chelsea
93%
1999 Manchester United Bayern Munich
93%
1968 Manchester United Benfica
93%
1982 Aston Villa Bayern Munich
86%
1997 Borussia Dortmund Juventus
86%
1996 Juventus Ajax
86%
1985 Juventus Liverpool
86%
1980 Nottingham Forest Hamburger SV
86%
1979 Nottingham Forest Malmo FF
86%
1991 Red Star Belgrade Marseille
86%
1993 Marseille AC Milan
79%
1988 PSV Eindhoven Benfica
79%
1970 Feyenoord Celtic
71%
1986 Steaua Bucuresti Barcelona
71%
No matching quizzes found
Score Distribution
Percent of People with Each Score
Percentile by Number Answered
Your Score History
You have not taken this quiz